| 000 | 00539cam a22001811 4500 | ||
|---|---|---|---|
| 001 | 6572806 | ||
| 005 | 20241113141050.0 | ||
| 008 | 750529s1963 xx 000 0 eng | ||
| 050 | 0 | 0 |
_aBX6154 _b.B4 |
| 082 | _a248.4867 | ||
| 100 | 1 | _aBeach, Walter Raymond. | |
| 245 | 1 | 0 | _aDimensions in salvation. |
| 260 |
_aWashington, _bReview and Herald Pub. Association _c[c1963] |
||
| 300 |
_a320 p. _bcol. illus. _c18 cm. |
||
| 650 | 0 |
_aSeventh-Day Adventists _xDoctrinal and controversial works. |
|
| 650 | 0 | _aChristian life. | |
| 942 |
_2lcc _cBK _n0 |
||
| 999 |
_c1122 _d1122 |
||